Nákup a jeho riadenie v podniku - model nákupu habilitačná práca

Gespeichert in:
Bibliographische Detailangaben
1. Verfasser: Oreský, Milan, 1956-
Körperschaft: Obchodná fakulta EU. Katedra medzinárodného obchodu
Weitere Verfasser: Kita, Jaroslav
Format: Buch
Sprache:Slowakisch
Veröffentlicht: Bratislava 2011
Schlagworte:
Tags: Tag hinzufügen
Keine Tags, Fügen Sie das erste Tag hinzu!

MARC

LEADER 00000nbm a2200000 4500
001 0145813
005 20230227093838.3
041 0 |a slo 
044 |a SK 
245 1 0 |a Nákup a jeho riadenie v podniku - model nákupu  |b habilitačná práca  |c Milan Oreský ; školiteľ:Jaroslav Kita 
264 1 |a Bratislava  |c 2011 
300 |a 178 s. 
610 2 0 |a nákup 
610 2 0 |a modelovanie 
610 2 0 |a riadenie nákupu 
610 2 0 |a riadenie podnikové 
610 2 0 |a zmluvy kúpne 
100 1 |a Oreský, Milan, 1956- 
700 1 |a Kita, Jaroslav 
710 2 |a Obchodná fakulta EU. Katedra medzinárodného obchodu